01668nam a2200433 i 450000100060000000300080000600500170001400600190003100700150005000800410006502000180010602000270012403500230015103500240017403500250019803500220022304000310024505000270027608000100030308200180031310000290033124500890036026400640044930000630051333600310057633700330060733800430064058801240068359001640080765000210097165000390099265000140103165000270104565500270107270000370109979700190113685600620115599900170121773433FlNmELB20241217143453.0m o d | cr cnu||||||||180610s2017 sp a o 000 0 spa d z9788490486221 a9788490486214 (e-book) a(MiAaPQ)EBC5349763 a(Au-PeEL)EBL5349763 a(CaPaEBR)ebr11545741 a(OCoLC)1105887726 aFINmELBbspaerdacFINmELB 4aHG4028.C45bS1613 2017 a658.10 a658.152442231 aSalas Molina, Francisco.10aGestión de tesorería con Python /cFrancisco Salas-Molina, David Pla-Santamaria. 1aValencia :bUniversitat Politècnica de València,c2017. a1 recurso en línea (vii, 100 páginas) :bilustraciones atextobtxt2rdacontent/spa acomputadorabc2rdamedia/spa arecurso en líneabcr2rdacarrier/spa aDescripción basada en recurso en línea; Título de la página del título en PDF (e-libro, visto July 10, 2018). aRecurso electrónico. Santa Fe, Arg.: e-libro, 2018. Disponible vía World Wide Web. El acceso puede estar limitado para las bibliotecas afiliadas a e-libro. 0aCash management. 0aPython (Computer program language) 4aFinanzas. 4aLenguaje de ordenador. 4aLibros electrónicos.1 aPl© Santamaria, David,eautor.2 ae-libro, Corp.40uhttps://elibro.net/ereader/politecnicointernacional/57443 c73433d73433